|
|
|
|
| LEADER |
00000nam2a2200000 4500 |
| 001 |
178970 |
| 005 |
20231201133832.0 |
| 035 |
|
|
|a (RuTPU)RU\TPU\book\193991
|
| 090 |
|
|
|a 178970
|
| 100 |
|
|
|a 20100413d1977 m y0rusy50 ca
|
| 101 |
0 |
|
|a rus
|
| 102 |
|
|
|a RU
|
| 105 |
|
|
|a a z 001gd
|
| 200 |
0 |
|
|a Т. 2. Средние века (XIII-XVIII вв.)
|
| 210 |
|
|
|d 1977
|
| 215 |
|
|
|a 279 с.
|c ил.
|d 23 см.
|
| 300 |
|
|
|a В примечаниях дана краткая биографическая информация о средневековых поэтах-лириках
|
| 300 |
|
|
|a В одном футляре с экз. 78-1545.
|
| 320 |
|
|
|a Примечания: с. 261-272.
|
| 461 |
|
1 |
|0 (RuTPU)RU\TPU\book\193978
|t Армянская классическая лирика
|o в 2 т.
|f вступительная статья, составление и примечания Л. Мкртчяна; худ. М. Сосоян
|v Т. 2. Средние века (XIII-XVIII вв.)
|d 1977
|
| 606 |
1 |
|
|a Армянская литература
|2 stltpush
|3 (RuTPU)RU\TPU\subj\29419
|9 52760
|
| 610 |
1 |
|
|a армянская лирика
|
| 610 |
1 |
|
|a поэзия
|
| 610 |
1 |
|
|a поэты
|
| 610 |
1 |
|
|a стихи
|
| 610 |
1 |
|
|a 13 век
|
| 610 |
1 |
|
|a 14 век
|
| 610 |
1 |
|
|a 15 век
|
| 610 |
1 |
|
|a 16 век
|
| 610 |
1 |
|
|a 17 век
|
| 610 |
1 |
|
|a 18 век
|
| 675 |
|
|
|a 891.981
|v 4
|z rus
|
| 801 |
|
1 |
|a RU
|b 63413507
|c 20100413
|
| 801 |
|
2 |
|a RU
|b 63413507
|c 20180112
|g RCR
|
| 942 |
|
|
|c BK
|